00358nam a2200133 a 450000500170000000800410001702000180005805000240007610000180010024500430011826000380016130000070019965000180020620140414132141.0140130s19uu xx 00 eng d a9788179875483 aM 745.54bMo71 1994 aMohini, Mudit aOrigami:bthe art of paper folding VI. aNew Delhi :bVishv Books,cc1994. a32 aPaper folding